000 01089nam0a22002891 4500
001 rc\772096
005 20250622125404.0
035 _a(NLR Aleph) 006298636
090 _a7227458
_c7227458
100 _a20040301d1983 |||y0rusy50 ca
101 0 _arus
102 _aRU
105 _aa |||||||||
200 1 _aРазработка рудных и нерудных месторождений
_e[Учеб. для горн. техникумов]
_fМ.И. Агошков, С.С. Борисов, В.А. Боярский
205 _a3-е изд., перераб., доп.
210 _aМ.
_cНедра
_d1983
215 _a424 с.
_cил.
_d22
320 _aБиблиогр.: с. 418 (19 назв.)
320 _aПредм. указ.: с. 419-421
700 1 _aАгошков
_bМ.И.
_f1905-
_gМихаил Иванович
701 1 _aБорисов
_bС.С.
_gСергей Сергеевич
701 1 _aБоярский
_bВ.А.
_gВладимир Ананьевич
801 0 _aRU
_bNLR
_gpsbo
801 1 _aRU
_bELAR
_2rusmarc
852 _aNLR
_j84-5/73
942 _cBOOK
980 _aNB